The fungi of India, (Record no. 66117)
[ view plain ]
| 000 -LEADER | |
|---|---|
| fixed length control field | 00928cam a22002651 4500 |
| 001 - CONTROL NUMBER | |
| control field | sa 65009285 |
| 003 - CONTROL NUMBER IDENTIFIER | |
| control field | DLC |
| 005 - DATE AND TIME OF LATEST TRANSACTION | |
| control field | 20260227112200.0 |
| 008 - FIXED-LENGTH DATA ELEMENTS--GENERAL INFORMATION | |
| fixed length control field | 800701s1960 ii b b 000 0 eng |
| 010 ## - LIBRARY OF CONGRESS CONTROL NUMBER | |
| LC control number | sa 65009285 |
| 025 ## - OVERSEAS ACQUISITION NUMBER | |
| Overseas acquisition number | PL480:I-E-4374 |
| 035 ## - SYSTEM CONTROL NUMBER | |
| System control number | (OCoLC)6475215 |
| 040 ## - CATALOGING SOURCE | |
| Original cataloging agency | DLC |
| Transcribing agency | NIC |
| Modifying agency | OCoLC |
| -- | DLC |
| 042 ## - AUTHENTICATION CODE | |
| Authentication code | premarc |
| 050 00 - LIBRARY OF CONGRESS CALL NUMBER | |
| Classification number | QK609.I5 |
| Item number | B8 1960 |
| 100 1# - MAIN ENTRY--PERSONAL NAME | |
| Personal name | Butler, E. J. |
| Fuller form of name | (Edwin John), |
| Dates associated with a name | 1874-1943. |
| 245 14 - TITLE STATEMENT | |
| Title | The fungi of India, |
| Statement of responsibility, etc. | by E.J. Butler and G.R. Bisby. Rev. by R.S. Vasudeva. Issued by the Indian Council of Agricultural Research, New Delhi. |
| 260 ## - PUBLICATION, DISTRIBUTION, ETC. | |
| Place of publication, distribution, etc. | [Delhi, |
| Name of publisher, distributor, etc. | Manager of Publications, |
| Date of publication, distribution, etc. | 1960] |
| 300 ## - PHYSICAL DESCRIPTION | |
| Extent | ix, 552 p. |
| Other physical details | map. |
| Dimensions | 26 cm. |
| 504 ## - BIBLIOGRAPHY, ETC. NOTE | |
| Bibliography, etc. note | Bibliography: p. 280-370. |
| 650 #0 - SUBJECT ADDED ENTRY--TOPICAL TERM | |
| Topical term or geographic name entry element | Fungi |
| Geographic subdivision | India. |
| 700 1# - ADDED ENTRY--PERSONAL NAME | |
| Personal name | Bisby, Guy Richard, |
| Dates associated with a name | 1889-1958, |
| Relator term | joint author. |
| 700 1# - ADDED ENTRY--PERSONAL NAME | |
| Personal name | Vasudeva, R. S. |
| Fuller form of name | (Raghu Sahai), |
| Dates associated with a name | 1905- |
| Relator term | ed. |
| 710 2# - ADDED ENTRY--CORPORATE NAME | |
| Corporate name or jurisdiction name as entry element | Indian Council of Agricultural Research. |
No items available.